000 004010000a22001690004500
003 MACL
005 20151229125440.0
008 151229b xxu||||| |||| 00| 0 eng d
040 _aMACL
_cMACL
041 _aEnglish
082 _a294.5/GHU
100 _aGhurye, G S
_98444
245 _aIndian Sadhus
260 _bThe Popular Book
_c1953
650 _aReligion
_923756
942 _cBK
_k294.5/Ghu
_2ddc
999 _c34549
_d34549